000 00322nam a22001337a 4500
008 170714b xxu||||| |||| 00| 0 eng d
020 _a0389206644
041 _aeng
080 _a030
100 _a24
101 _aFJA
245 _aA DICTIONARY CLASSICAL REFERNCE IN ENGLISH POETRY
_cSMITH.E
942 _2udc
_cBK
999 _c20938
_d20938